000 00495pab a2200181 454500
008 180718b2010 xxu||||| |||| 00| 0 eng d
100 _aHansen, Henrik
245 _aThe short-run macroeconomic impact of foreign aid to small states: an agnostic time series analysis
260 _c2010
300 _ap.877-96.
362 _aMay
650 _aForeign aid
650 _aSmall states
700 _aHeadey, Derek
773 _aJournal of Development Studies
908 _aN
909 _a87046
999 _c87046
_d87046